[Event "Master Open"]
[Site "Lausanne SUI"]
[Date "2000.06.01"]
[Round "2"]
[White "Tukmakov,V"]
[Black "Rainfray,A"]
[Result "1/2-1/2"]
[WhiteElo "2574"]
[BlackElo "2400"]

1.Nf3 d5 2.d4 Nf6 3.c4 e6 4.g3 Be7 5.Bg2 O-O 6.Qc2 a6 7.Nbd2 dxc4 8.Nxc4 b5
9.Na5 Nd5 10.Ne5 Bb4+ 11.Bd2 c5 12.Nac6 Nxc6 13.Nxc6 Bxd2+ 14.Kxd2 Qf6 15.Qxc5 Bb7
16.Bxd5 exd5 17.Ne5 Rfc8 18.Qa3 Qxf2 19.Qd3 Rc7 20.Rac1 Rac8 21.Nf3 h6 22.Rxc7 Rxc7
23.Rc1 Rxc1 24.Kxc1 Bc8 25.Kd2 Qf1 26.Qc2 Bg4 27.Qc6 Qb1 28.Qxd5 Qxb2+ 29.Ke3 Qc3+
30.Kf4 Be6 31.Qa8+ Kh7 32.Qxa6 Qc1+ 33.Ke4 f5+ 34.Ke5 Qe3+ 35.Kd6 Qxe2 36.Ne5 Bxa2
37.Kc5 Qc2+ 38.Kxb5 Qb3+ 39.Kc6 Qe6+ 40.Kb7 Bd5+ 41.Ka7 Qe7+ 42.Kb6 Qd6+
43.Kb5 Qxa6+ 44.Kxa6 g5 45.Kb5 f4 46.gxf4 gxf4 47.Kc5 Be4 48.d5 f3 49.Ng4 Bf5
50.Nf2 Kg6 51.Kd4 Kf6 52.Ke3 Ke5  1/2-1/2

[Event "Bank Pocztowy Open"]
[Site "Bydgoszcz POL"]
[Date "2000.06.03"]
[Round "6"]
[White "Mazalon,M"]
[Black "Krainski,A"]
[Result "1-0"]
[WhiteElo "2207"]
[BlackElo "2271"]

1.d4 d5 2.c4 e6 3.Nf3 Nf6 4.g3 Be7 5.Bg2 O-O 6.O-O Nbd7 7.Nc3 c6 8.Qc2 b6
9.e4 Bb7 10.e5 Ne8 11.b3 Nc7 12.Bb2 Rc8 13.Rad1 a5 14.Rfe1 Qe8 15.h4 h6 16.Nh2 Ba6
17.Ng4 h5 18.Ne3 g6 19.Ne2 Kg7 20.Nf4 Rh8 21.Nh3 Nf8 22.f4 Qd7 23.Kh2 Nh7
24.Rf1 Rhf8 25.Rf2 f5 26.exf6+ Bxf6 27.Bf3 Rh8 28.Be2 Ne8 29.Bd3 Nf8 30.Ng5 Nd6
31.Re1 Nf5 32.Nxf5+ gxf5 33.Rfe2 Bxg5 34.fxg5 Rc7 35.Ba3 c5 36.dxc5 dxc4
37.Bxc4 Bxc4 38.Qxc4 bxc5 39.Bb2+  1-0

[Event "ch-IND"]
[Site "Mumbai IND"]
[Date "2000.06.05"]
[Round "19"]
[White "Sriram,J"]
[Black "Ravi,T"]
[Result "1/2-1/2"]
[WhiteElo "2356"]
[BlackElo "2373"]

1.d4 Nf6 2.c4 e6 3.g3 d5 4.Bg2 Be7 5.Nf3 O-O 6.O-O dxc4 7.Qc2 a6 8.a4 Bd7
9.Qxc4 Bc6 10.Bg5 Bd5 11.Qd3 c5 12.Nc3 Bc6 13.Rfd1 cxd4 14.Nxd4 Bxg2 15.Kxg2 Qa5
16.Bxf6 Bxf6 17.Ne4 Be7 18.Qb3 Ra7 19.Rac1 Kh8 20.Nf3 b6 21.Nd6 Bxd6 22.Rxd6 Nd7
23.Rcd1 Nc5 24.Qxb6 Qxb6 25.Rxb6 Nxa4 26.Rb4 Nc5 27.Ne5 f6 28.Rc4 Nb3 29.Nc6 Rb7
30.Rd3 e5 31.Rcc3 Nd4 32.Nxd4 exd4 33.Rb3 Re7 34.Rd2 Rfe8 35.Rb4 h6 36.Kf3 Rc8
37.Rbxd4 Rb8 38.Rd8+ Rxd8 39.Rxd8+ Kh7 40.Rd4 Rb7 41.b4 Rb5 42.e4 a5 43.bxa5 Rxa5
44.Ke3 Ra2 45.h4 Kg6 46.Rd5 Ra3+ 47.Rd3 Ra5 48.f4 h5 49.f5+ Kh6 50.Kf4 Ra4
51.Kf3 Ra5 52.Re3 Rb5  1/2-1/2

[Event "zt 2.4"]
[Site "Sao Paulo BRA"]
[Date "2000.06.11"]
[Round "7"]
[White "Lima,Da"]
[Black "Leitao,R"]
[Result "1/2-1/2"]
[WhiteElo "2514"]
[BlackElo "2565"]

1.d4 Nf6 2.c4 e6 3.g3 d5 4.Bg2 Be7 5.Nf3 O-O 6.O-O dxc4 7.Ne5 Nc6 8.Bxc6 bxc6
9.Nxc6 Qe8 10.Nxe7+ Qxe7 11.Qa4 e5 12.dxe5 Qxe5 13.Qxc4 Be6 14.Qd3 Rad8 15.Qe3 Qh5
16.f3 Rfe8 17.Qg5 Qh3 18.Qc5 Bd5 19.e4 Nxe4 20.fxe4 Bxe4 21.Qf2 Bb7 22.Nc3 Re7
23.Bf4 Rde8 24.Rad1 h6 25.Rd4 Qe6 26.Rfd1 Qc6 27.Rd5 Rd7 28.Qc5 Rxd5 29.Rxd5 Qg6
30.Qb5 Bc6 31.Qd3 Bxd5 32.Qxg6 fxg6 33.Nxd5 Re2 34.b4 c6 35.Nc3 Rb2 36.Bd6 Rc2
37.Be5 Rb2 38.Bd6 Rc2 39.Be5 Rb2  1/2-1/2

[Event "zt 1.9"]
[Site "Ordzhonikidze UKR"]
[Date "2000.06.12"]
[Round "4"]
[White "Maksimenko,A"]
[Black "Kruppa,Y"]
[Result "1/2-1/2"]
[WhiteElo "2495"]
[BlackElo "2561"]

1.d4 e6 2.Nf3 d5 3.c4 Nf6 4.g3 Be7 5.Bg2 O-O 6.O-O dxc4 7.Qc2 a6 8.a4 Bd7
9.Qxc4 Bc6 10.Bg5 Bd5 11.Qc2 Be4 12.Qc1 Nc6 13.e3 Nb4 14.Nc3 Bc6 15.Qb1 h6
16.Bxf6 Bxf6 17.Rd1 g6 18.h4 Qe7 19.e4 Rfd8 20.Qc1 Bg7 21.Rd2 Be8 22.Qd1 Rd7  1/2-1/2

[Event "zt 1.7"]
[Site "Mezezers LAT"]
[Date "2000.06.15"]
[Round "10"]
[White "Ehlvest,J"]
[Black "Luckans,A"]
[Result "1-0"]
[WhiteElo "2622"]
[BlackElo "2421"]

1.d4 d5 2.c4 e6 3.Nf3 Nf6 4.g3 Be7 5.Bg2 O-O 6.O-O Nbd7 7.Qc2 c6 8.Rd1 b6
9.Bf4 Bb7 10.Nc3 Nh5 11.Bc1 Nhf6 12.b3 Ba6 13.Bf4 Rc8 14.e4 Nxe4 15.Nxe4 dxe4
16.Qxe4 Bb7 17.Qc2 Nf6 18.Ne5 Nd7 19.Be4 h6 20.Qe2 Nxe5 21.Bxe5 Bf6 22.c5 Bxe5
23.dxe5 Qe7 24.Rd6 Rfd8 25.b4 Rxd6 26.exd6 Qf6 27.Rd1 b5 28.h4 Qc3 29.Qd2 Qxd2
30.Rxd2 Kf8 31.a4 a6 32.axb5 axb5 33.d7  1-0

[Event "It Ingres"]
[Site "Montauban FRA"]
[Date "2000.06.22"]
[Round "1"]
[White "Bricard,E"]
[Black "Flear,G"]
[Result "1/2-1/2"]
[WhiteElo "2461"]
[BlackElo "2519"]

1.c4 e6 2.g3 d5 3.Bg2 Nf6 4.d4 Be7 5.Nf3 O-O 6.O-O Nbd7 7.Qc2 c6 8.b3 b6
9.Rd1 Ba6 10.Nbd2 Rc8 11.e4 Qc7 12.Bb2 Rfd8 13.Rac1 Qb8 14.a3 Bb7 15.b4 Nxe4
16.Nxe4 dxe4 17.Qxe4 c5 18.d5 Bf6 19.Qe2 exd5 20.cxd5 cxb4 21.Rxc8 Qxc8 22.axb4 Bxb2
23.Qxb2 Nf6 24.Ne5 Qa8 25.Rc1 Bxd5 26.Nc6 Bxc6 27.Bxc6 Qc8 28.Qa3 Qg4 29.Bf3 Qd7
30.Rd1 Qe7 31.Rxd8+ Qxd8 32.Qxa7 h6 33.Kg2  1/2-1/2

[Event "ch-SWE"]
[Site "Orebro SWE"]
[Date "2000.07.04"]
[Round "3"]
[White "Ingbrandt,J"]
[Black "Vernersson,P"]
[Result "1/2-1/2"]
[WhiteElo "2402"]
[BlackElo "2374"]

1.d4 d5 2.c4 e6 3.Nf3 Nf6 4.g3 Be7 5.Bg2 O-O 6.Qc2 c5 7.dxc5 Bxc5 8.cxd5 Bb4+
9.Bd2 Bxd2+ 10.Nbxd2 Nxd5 11.O-O Nc6 12.Nc4 Qe7 13.Rfd1 b5 14.Nce5 Ncb4 15.Qd2 Bb7
16.a3 Na6 17.Nd4 Qd6 18.Nd3 Qb6 19.Nb3 Rac8 20.Rac1 Nf6 21.Qa5 Bxg2 22.Qxb6 axb6
23.Kxg2 Rc4 24.Nd2 Rcc8 25.Nb3 Rc4 26.Nd2 Rd4 27.Rc6 Rb8 28.Nf3 Rd5 29.Rdc1 Kf8
30.Rc8+ Ke7 31.Nb4 Rxc8 32.Nxd5+ Kd8 33.Rxc8+ Kxc8 34.Nxf6 gxf6 35.b4 Kd7
36.Nd4 Kd6 37.Nxb5+ Kd5 38.Na7 Nc7 39.a4 Kc4 40.Nc8 Kxb4 41.Nxb6 Ne8 42.Kh3 Ka5
43.Nd7 Kxa4 44.Kg4 Kb4 45.Kh5 Kc3 46.Kh6 Kd2 47.e4 Ke2 48.f4 Kf3 49.Kxh7 Kxe4
50.Kg8 e5 51.fxe5 fxe5 52.Kxf7 Nc7 53.Kf6 Nd5+ 54.Kg5 Kd4 55.h4 e4 56.h5 e3
57.h6 e2 58.h7 e1=Q 59.h8=Q+ Kd3 60.Qh7+ Ke3 61.g4 Qd2 62.Qf7 Ke4+ 63.Kg6 Nf4+
64.Kg7 Qd4+ 65.Kh7 Qd6 66.Qf5+ Ke3 67.Qc5+ Qxc5 68.Nxc5 Kd4 69.Nd7 Nh3 70.Kg6 Nf2  1/2-1/2

[Event "FSIMB July"]
[Site "Budapest HUN"]
[Date "2000.07.05"]
[Round "5"]
[White "Froehlich,P"]
[Black "Naes,F"]
[Result "1/2-1/2"]
[WhiteElo "2375"]
[BlackElo "2257"]

1.c4 e6 2.Nf3 d5 3.g3 Nf6 4.Bg2 Be7 5.d4 O-O 6.O-O c5 7.cxd5 exd5 8.Nc3 Nc6
9.Bg5 cxd4 10.Nxd4 h6 11.Be3 Re8 12.Rc1 Bg4 13.Nxc6 bxc6 14.Qa4 Qd7 15.Rfd1 Bd8
16.Bd4 Qe6 17.Rd2 h5 18.e3 Bb6 19.Bxf6 Qxf6 20.Qc2 h4 21.Na4 h3 22.Bf1 Qf3
23.Nxb6 axb6 24.Rd4 g5 25.a3 c5 26.Rd2 Rad8 27.Qd3 d4 28.exd4 Rxd4 29.Qxf3 Bxf3
30.Rd3 g4 31.Rdc3 Red8 32.Re1 Rd1 33.Rce3 R8d2 34.b3 Rb2 35.Bc4 Rxe1+ 36.Rxe1 b5
37.Bxb5 Rxb3 38.a4 Rb4 39.Rc1 c4 40.Bxc4 Rxa4  1/2-1/2

[Event "Staffordshire IM"]
[Site "Lichfield ENG"]
[Date "2000.07.11"]
[Round "6"]
[White "Ernst,S"]
[Black "Cooper,L"]
[Result "1-0"]
[WhiteElo "2392"]
[BlackElo "2338"]

1.d4 Nf6 2.c4 e6 3.g3 d5 4.Nf3 Be7 5.Bg2 O-O 6.O-O dxc4 7.Qc2 a6 8.Qxc4 b5
9.Qc2 Bb7 10.Bg5 Nc6 11.Rd1 Nb4 12.Qc1 Qc8 13.Nbd2 h6 14.Bxf6 Bxf6 15.Nb3 a5
16.Qd2 Rd8 17.a3 a4 18.Qxb4 axb3 19.Rac1 Bxf3 20.Bxf3 Ra4 21.Qxb3 Raxd4 22.Rxd4 Rxd4
23.Qxb5 Rd2 24.b4 Bb2 25.Rc6 Qd8 26.Ra6 Qf6 27.Qe8+ Kh7 28.Ra8 Qf5 29.Kg2 Bd4
30.Rd8 e5 31.Rd7 Rxe2 32.Rxd4  1-0

[Event "6th Tan Chin Nam Cup"]
[Site "Beijing CHN"]
[Date "2000.07.13"]
[Round "5"]
[White "Adianto,U"]
[Black "Short,N"]
[Result "1/2-1/2"]
[WhiteElo "2583"]
[BlackElo "2677"]

1.d4 e6 2.c4 Nf6 3.Nf3 d5 4.g3 Be7 5.Bg2 O-O 6.O-O dxc4 7.Qc2 a6 8.a4 Bd7
9.Qxc4 Bc6 10.Bg5 Bd5 11.Qd3 c5 12.dxc5 Nbd7 13.Nc3 Nxc5 14.Qe3 Qa5 15.Rfd1 Bc6
16.Qf4 Nb3 17.Rab1 h6 18.Bxf6 Bxf6 19.Ne4 Bxe4 20.Qxe4 Nc5 21.Qe3 Qb4 22.Ne5 Rad8
23.Nd3 Nxd3 24.Rxd3 Qxa4 25.Rxd8 Rxd8 26.Bxb7 a5 27.Be4 g6 28.Bd3 Kg7 29.Qc5 Rb8
30.b3 Qa2 31.Qc7 Rxb3  1/2-1/2

[Event "zt 2.32"]
[Site "Guatemala City GUA"]
[Date "2000.07.15"]
[Round "2"]
[White "Minero,S"]
[Black "Lacayo,R"]
[Result "1/2-1/2"]
[WhiteElo "2405"]
[BlackElo "2245"]

1.d4 Nf6 2.c4 e6 3.g3 d5 4.Bg2 Be7 5.Nf3 O-O 6.O-O dxc4 7.Qc2 a6 8.a4 Nbd7
9.Nbd2 c5 10.dxc5 Bxc5 11.Nxc4 Qe7 12.Bf4 h6 13.Nfe5 Nd5 14.Bd2 Nxe5 15.Nxe5 Qc7
16.Nc4 Bd7 17.Rac1 Rac8 18.Qb3 b5 19.axb5 Bxb5 20.Ne3 Nxe3 21.Bxe3 Qe5 22.Bb7 Bxe3
23.Rxc8 Rxc8 24.Bxc8 Bd4 25.Qc2 Bxb2 26.Rd1 g6 27.Bd7 Kg7 28.Bxb5 axb5 29.Rd3 b4
30.Re3 Qd4 31.Rd3 Qe5  1/2-1/2

[Event "Politiken Cup"]
[Site "Copenhagen DEN"]
[Date "2000.07.17"]
[Round "1"]
[White "Romsdal,T"]
[Black "Pedersen,St"]
[Result "1-0"]
[WhiteElo "2222"]
[BlackElo "2464"]

1.d4 d5 2.c4 e6 3.Nf3 Nf6 4.g3 Be7 5.Bg2 O-O 6.O-O c6 7.b3 b6 8.Bb2 Bb7 9.Nc3 dxc4
10.bxc4 c5 11.d5 exd5 12.Ne5 Qc7 13.Nxd5 Nxd5 14.cxd5 Bd6 15.Nc4 Nd7 16.e4 b5
17.Nxd6 Qxd6 18.f4 f6 19.Re1 Rfe8 20.Qe2 c4 21.Rad1 Rab8 22.e5 fxe5 23.fxe5 Nxe5
24.Bxe5 Qb6+ 25.Kh1  1-0

[Event "Aegean Open"]
[Site "Agios Kyrikos GRE"]
[Date "2000.07.20"]
[Round "6"]
[White "Khetsuriani,B"]
[Black "Psomiadis,S"]
[Result "1/2-1/2"]
[WhiteElo "2417"]
[BlackElo "2200"]

1.g3 d5 2.Bg2 Nf6 3.c4 e6 4.d4 Be7 5.Nf3 O-O 6.O-O c6 7.Qc2 Nbd7 8.Nbd2 b6
9.e4 Bb7 10.b3 Nxe4 11.Nxe4 dxe4 12.Qxe4 Nf6 13.Qe2 Qc8 14.Bb2 Re8 15.Rad1 c5
16.Rd3 cxd4 17.Bxd4 Qc7 18.Rfd1 Rad8 19.Ne5 Bxg2 20.Kxg2 Qb7+ 21.Qf3 Qxf3+
22.Kxf3 Rd6 23.Be3 Rxd3 24.Rxd3 Rc8 25.g4 h6 26.h4 Rc7 27.g5 hxg5 28.hxg5 Nh7
29.g6 fxg6 30.Nxg6 Bf6 31.Nf4 Kf7 32.Nh5 Nf8 33.Ng3 Rd7 34.Ke2 Rxd3 35.Kxd3 Nd7
36.Ne4 Ne5+ 37.Ke2 Nc6 38.c5 bxc5 39.Bxc5 Be7 40.Be3 a6 41.Nc5 a5 42.Nb7 Bb4
43.Kd3 Ne5+ 44.Ke4 Nc6 45.Bb6 Ke7 46.Kd3 Ne5+ 47.Kd4 Kf6 48.a4 Be1 49.Bc7 Bxf2+
50.Ke4 Nc6 51.Nxa5 Nxa5 52.Bxa5 Ke7 53.Bd2 Bc5 54.Kd3 Kd7 55.Kc4 Kc6 56.Bg5 Bd6
57.Kd4 g6 58.Ke4 Kb6 59.Kd4 Kc6 60.Kc4 Kb6 61.Kd4 Kc6 62.Bf6 Kb6 63.Ke4 Kc6
64.Bg5 Kc5 65.Bd2 Kc6 66.Be3 Kd7 67.a5 Kc6 68.a6 g5 69.Kf3 Bb8 70.Bxg5 Kb5
71.Bf4 Ba7  1/2-1/2

[Event "10th Open"]
[Site "Jyvaskyla FIN"]
[Date "2000.07.20"]
[Round "4"]
[White "Sorsa,N"]
[Black "Karttunen,M"]
[Result "1-0"]
[WhiteElo "2239"]
[BlackElo "2399"]

1.d4 Nf6 2.c4 e6 3.g3 d5 4.Bg2 Be7 5.Nf3 c6 6.O-O b6 7.Nbd2 O-O 8.Ne5 a5
9.e4 Bb7 10.Re1 Na6 11.exd5 cxd5 12.Nb1 Qc8 13.Qa4 dxc4 14.Qxc4 Qxc4 15.Nxc4 Bxg2
16.Kxg2 Nb4 17.Nba3 Nfd5 18.Be3 Rfc8 19.Re2 a4 20.Rd2 f6 21.Bf4 Rc6 22.h4 Nxf4+
23.gxf4 Nd5 24.f5 Bxa3 25.Nxa3 exf5 26.Nc2 Kf7 27.Kf3 Re8 28.Ne3 Ke6 29.Re1 Nxe3
30.d5+ Kf7 31.dxc6 Nc4 32.Rd7+ Kf8 33.Rxe8+ Kxe8 34.Rxg7 Ne5+ 35.Kf4 Nxc6
36.Kxf5 Nb4 37.Ke6 Kd8 38.Rxh7 Nxa2 39.h5 Nb4 40.h6 Nd3 41.Rd7+  1-0

[Event "MTO Open"]
[Site "Biel SUI"]
[Date "2000.07.24"]
[Round "1"]
[White "Cvitan,O"]
[Black "Illijin,N"]
[Result "1/2-1/2"]
[WhiteElo "2541"]
[BlackElo "2258"]

1.d4 Nf6 2.c4 e6 3.g3 d5 4.Bg2 Be7 5.Nf3 c6 6.Qc2 O-O 7.O-O Nbd7 8.b3 b5
9.c5 Ne4 10.Nbd2 f5 11.Bb2 a5 12.a3 Qe8 13.b4 a4 14.Ne1 Ndf6 15.Ndf3 Nd7
16.Nd3 Bf6 17.Nfe5 Nxe5 18.dxe5 Bd8 19.f3 Ng5 20.Rae1 Ra7 21.Bd4 g6 22.Qc3 Rg7
23.Nf4 Bd7 24.e3 h6 25.Rf2 Nh7 26.e4 g5 27.Nd3 Rg6 28.f4  1/2-1/2

[Event "Open"]
[Site "Bergen NOR"]
[Date "2000.07.25"]
[Round "5"]
[White "Nielsen,PH"]
[Black "Lobzhanidze,D"]
[Result "1-0"]
[WhiteElo "2578"]
[BlackElo "2493"]

1.c4 e6 2.Nf3 d5 3.d4 Nf6 4.g3 Be7 5.Bg2 O-O 6.O-O dxc4 7.Qc2 a6 8.a4 Bd7
9.Qxc4 Bc6 10.Bg5 a5 11.Nc3 Na6 12.Bxf6 Bxf6 13.e4 Nb4 14.Rfd1 g6 15.h4 h6
16.Rac1 Rc8 17.Nh2 Bg7 18.Nb5 Bxb5 19.Qxb5 b6 20.h5 c6 21.Qe2 g5 22.e5 Qe7
23.Ng4 c5 24.dxc5 Rxc5 25.Rxc5 Qxc5 26.Rd7 Nc6 27.Rc7 Nd4 28.Qc4 Qxc4 29.Rxc4 Nb3
30.Rc6 Rb8 31.Bf1 Nd4 32.Rc3 Bf8 33.Rc7 Nf3+ 34.Kg2 Nxe5 35.Nxe5 Bd6 36.Rxf7 Bxe5
37.Re7 Bxb2 38.Rxe6 Bg7 39.Bc4 Kf8 40.Rc6 Rb7 41.Kh3 Re7 42.Rxb6 Re4 43.Bb3 Re2
44.f3 Re3 45.Bd5 Re5 46.Bc4 Rf5 47.Rb8+ Ke7 48.Rb7+ Kf8 49.Kg4 Rf6 50.Bb3 Rd6
51.Rf7+  1-0

[Event "Open"]
[Site "Bergen NOR"]
[Date "2000.07.25"]
[Round "5"]
[White "Lahlum,H"]
[Black "Tallaksen,G"]
[Result "1/2-1/2"]
[WhiteElo "2215"]
[BlackElo "2221"]

1.d4 Nf6 2.c4 e6 3.g3 d5 4.Bg2 Be7 5.Nf3 O-O 6.O-O Nbd7 7.Nc3 Re8 8.Qc2 c6
9.b3 Qc7 10.e4 Nxe4 11.Nxe4 dxe4 12.Qxe4 c5 13.Bb2 Bf6 14.Rad1 Rb8 15.Ne5 g6
16.Rd2 cxd4 17.Nxd7 Bxd7 18.Bxd4 Bc6 19.Qe3 Bxd4 20.Rxd4 Bxg2 21.Kxg2 b6
22.Rfd1 Rbd8 23.Qd3 Rxd4 24.Qxd4 e5 25.Qd5 Kf8 26.Re1 f6 27.Rd1 Re7 28.Kf3 f5
29.Ke3 Kg7 30.Qd6 Qxd6 31.Rxd6 Kh6 32.a4 Kg5 33.f3 e4 34.Rd5 exf3+ 35.Kxf3 Kf6
36.h4 Kf7 37.Rd6 Kg7 38.a5 bxa5 39.Ra6 Rb7 40.Kf4 Rxb3 41.Rxa7+ Kf6 42.Ra6+ Ke7
43.Rxa5 Rb4 44.Ra7+ Kd6 45.Rxh7  1/2-1/2

[Event "KB Czech Open"]
[Site "Pardubice CZE"]
[Date "2000.07.25"]
[Round "5"]
[White "Haba,P"]
[Black "Von Buelow,G"]
[Result "1-0"]
[WhiteElo "2497"]
[BlackElo "2331"]

1.d4 d5 2.c4 e6 3.Nf3 Nf6 4.g3 Be7 5.Bg2 O-O 6.O-O dxc4 7.Qc2 a6 8.Qxc4 b5
9.Qc2 Bb7 10.Bd2 Be4 11.Qc1 Bb7 12.Be3 Nbd7 13.Nbd2 Rc8 14.Nb3 Bd5 15.Rd1 c6
16.Ne1 Bxg2 17.Kxg2 Nb6 18.Nd3 Qd5+ 19.f3 Rfd8 20.Bf2 Qd7 21.Nbc5 Qa7 22.a4 bxa4
23.Nxa4 Nxa4 24.Rxa4 Qb7 25.Qc4 Nd5 26.Rxa6 h5 27.Rda1 Bf6 28.e4 Nc7 29.Rxc6 Nb5
30.Rxc8 Rxc8 31.Qb3 Qd7 32.e5 Be7 33.Ra4 Qc6 34.Nc5 Bxc5 35.dxc5  1-0

[Event "KB Czech Open"]
[Site "Pardubice CZE"]
[Date "2000.07.29"]
[Round "9"]
[White "Haba,P"]
[Black "Jirovsky,Pa"]
[Result "1-0"]
[WhiteElo "2497"]
[BlackElo "2348"]

1.d4 Nf6 2.c4 e6 3.g3 d5 4.Bg2 Be7 5.Nf3 O-O 6.O-O Nbd7 7.Qc2 c6 8.b3 b6
9.Rd1 Bb7 10.Nc3 Rc8 11.e4 a5 12.Bf4 h6 13.e5 Ne8 14.Qd2 Nc7 15.cxd5 cxd5
16.Bf1 Bb4 17.Rdc1 Qe7 18.Ne1 Ba6 19.Bxa6 Nxa6 20.Nd3 Ba3 21.Rd1 Rc6 22.Nb5 Ndb8
23.Bxh6 gxh6 24.Qxh6 Rfc8 25.Nf4 Bc1 26.Raxc1 Rxc1 27.Nh5 Rxd1+ 28.Kg2 f5
29.Nf6+ Kf7 30.Qh7+ Kf8 31.Qg8+  1-0

[Event "Open"]
[Site "Kavala GRE"]
[Date "2000.07.31"]
[Round "8"]
[White "Mastrovasilis,A"]
[Black "Tsipouris,E"]
[Result "1-0"]
[WhiteElo "2372"]
[BlackElo "2058"]

1.d4 e6 2.c4 d5 3.Nf3 Be7 4.g3 Nf6 5.Bg2 O-O 6.Qc2 c6 7.O-O Nbd7 8.Nbd2 b6
9.e4 dxe4 10.Nxe4 Bb7 11.Nxf6+ Bxf6 12.c5 bxc5 13.dxc5 Rb8 14.Rb1 Ba8 15.Rd1 Qc7
16.Ng5 g6 17.Ne4 Be7 18.Bh6 Rfd8 19.Qc3 f6 20.Bh3 Nf8 21.Nxf6+ Kf7 22.Nxh7  1-0

[Event "ch-GBR"]
[Site "Millfield ENG"]
[Date "2000.07.31"]
[Round "1"]
[White "Broomfield,M"]
[Black "Turner,M"]
[Result "0-1"]
[WhiteElo "2192"]
[BlackElo "2491"]

1.d4 e6 2.Nf3 d5 3.c4 Be7 4.g3 Nf6 5.Bg2 O-O 6.O-O dxc4 7.Qc2 a6 8.a4 c5
9.Rd1 Nc6 10.Na3 Nb4 11.Qb1 Bd7 12.dxc5 Bxc5 13.Ne5 Qc7 14.Bf4 Bxa4 15.Nd7 Qc8
16.Nxc5 Bxd1 17.Qxd1 Rd8 18.Bd6 Nbd5 19.Nxc4 Rxd6 20.Nxd6 Qxc5 21.Nxb7 Qb5
22.Na5 Qxb2 23.Nc4 Qb4 24.Ra4 Qc5 25.Qa1 Rb8 26.Ne5 Qc2 27.Bf1 g5 28.Rc4 Qf5
29.Nd3 Ne4 30.Qxa6 Rb1 31.Qc8+ Kg7 32.Rc1 Rb3  0-1

[Event "MTO Open"]
[Site "Biel SUI"]
[Date "2000.08.01"]
[Round "8"]
[White "Ditzler,J"]
[Black "Suter,S"]
[Result "1-0"]
[WhiteElo "2140"]
[BlackElo "2077"]

1.d4 Nf6 2.Nf3 d5 3.c4 e6 4.g3 Be7 5.Bg2 O-O 6.O-O Nbd7 7.Qc2 Ne4 8.Bf4 c6
9.Nbd2 g5 10.Be3 f5 11.Nxe4 fxe4 12.Nd2 h6 13.f3 exf3 14.Qg6+ Kh8 15.Qxh6+ Kg8
16.Rxf3  1-0

[Event "HZ Open"]
[Site "Vlissingen NED"]
[Date "2000.08.03"]
[Round "7"]
[White "Psakhis,L"]
[Black "Janssen,R"]
[Result "1-0"]
[WhiteElo "2611"]
[BlackElo "2414"]

1.d4 Nf6 2.c4 e6 3.g3 d5 4.Bg2 Be7 5.Nf3 O-O 6.O-O dxc4 7.Qc2 a6 8.a4 Bd7
9.Qxc4 Bc6 10.Bg5 Bd5 11.Qd3 Be4 12.Qe3 Nbd7 13.Nc3 Bc6 14.Qd3 h6 15.Bf4 Bb4
16.Rfe1 Rc8 17.Qc2 Bxc3 18.Qxc3 Nb6 19.Qb3 Bd5 20.Qb4 Be4 21.Bd2 Nfd5 22.Qb3 c5
23.dxc5 Rxc5 24.Rec1 Rxc1+ 25.Rxc1 Nf6 26.Ba5 Nfd7 27.Qb4 Bc6 28.b3 Re8 29.e4 Qe7
30.Qxe7 Rxe7 31.Nd4  1-0

[Event "TCh-ESP"]
[Site "Barcelona ESP"]
[Date "2000.08.08"]
[Round "4"]
[White "Limeres,C"]
[Black "Gonzalez,A"]
[Result "0-1"]
[WhiteElo "2269"]
[BlackElo "2150"]

1.g3 Nf6 2.d4 e6 3.c4 d5 4.Bg2 Be7 5.Nf3 O-O 6.O-O c5 7.cxd5 Nxd5 8.dxc5 Bxc5
9.Qc2 Bb6 10.a3 Nc6 11.Rd1 Qe7 12.e4 Nf6 13.Nc3 h6 14.Na4 e5 15.Nxb6 axb6
16.Be3 Qc7 17.b4 b5 18.Rd5 Nxd5 19.exd5 Bd7 20.dxc6 Bxc6 21.Qc3 Rfe8 22.Ne1 Rac8
23.Bxc6 Qxc6 24.Qxc6 Rxc6 25.Rc1 Rd8 26.Rxc6 bxc6 27.Kf1 f5 28.Ke2 Kf7 29.f3 Ke6
30.Nd3 g5 31.Nc5+ Kd5 32.g4 fxg4 33.fxg4 e4 34.a4 bxa4 35.Nxa4 Rf8 36.Nc3+ Ke5
37.Nd1 Rf3 38.Nf2 Rf8 39.Nh1 Ra8 40.Ng3 Ra2+ 41.Bd2 Ra3 42.Nf1 Rb3 43.Ne3 Ke6
44.Kf2 Rb2 45.Nf1 Kd5 46.Kg3 Kd4 47.Be3+ Kd3 48.Bc5 Rc2 49.h4 gxh4+ 50.Kxh4 Rc1
51.Ng3 e3 52.Kh5 Rg1 53.Nf5 e2 54.Bxg1 e1=Q 55.Bc5 Qh1+ 56.Kg6 Qe4 57.Kh5 Qf3
58.Nxh6 Qh3+ 59.Kg6 Ke4 60.Be7 Ke5 61.Bf6+ Ke6 62.g5 Qb3 63.Kg7 Qxb4 64.g6 c5
65.Nf7 c4 66.Nd8+ Kf5 67.Nc6 Qb7+ 68.Ne7+ Ke6 69.Bg5 c3 70.Kh8 Qh1+ 71.Kg8 Qg1
72.Bh6 Kxe7 73.Bf8+ Ke8  0-1

[Event "101st US Open"]
[Site "Saint Paul USA"]
[Date "2000.08.12"]
[Round "8"]
[White "Kaidanov,G"]
[Black "Kaufman,La"]
[Result "1/2-1/2"]
[WhiteElo "2624"]
[BlackElo "2397"]

1.d4 Nf6 2.c4 e6 3.Nf3 d5 4.g3 Be7 5.Bg2 O-O 6.O-O dxc4 7.Qc2 a6 8.a4 Bd7
9.Qxc4 Bc6 10.Bg5 Bd5 11.Qd3 c5 12.dxc5 Nbd7 13.Nc3 Bc6 14.b4 a5 15.b5 Bxf3
16.Qxf3 Nxc5 17.Rfd1 Qb6 18.Be3 Rfd8 19.Rac1 h6 20.Rxd8+ Rxd8 21.Qf4 Rc8
22.Nd1 Qd8 23.Nb2 Nd5 24.Bxd5 exd5 25.Qg4 Ne6 26.Bxh6 Rxc1+ 27.Bxc1 Qc7 28.Nd3 Qc2
29.Kg2 Bf6 30.h4 Qc4 31.Qf5 Qxa4 32.Qxd5 Qd1 33.Qxb7 Qxe2 34.Nf4 Nxf4+ 35.Bxf4 Bd4
36.Qa8+ Kh7 37.Qf3 Qb2 38.Bd6 Kg8 39.h5 a4 40.Qa8+ Kh7 41.Qe4+ Kg8 42.Qe8+ Kh7
43.Qxf7 Qxb5 44.Qf3 Bb2 45.g4 Qb3 46.Qf5+ Kh8 47.g5 a3 48.Qf8+ Qg8 49.Qxg8+ Kxg8
50.Bxa3 Bxa3 51.f4 Kf7  1/2-1/2

[Event "4th Open"]
[Site "Genova ITA"]
[Date "2000.08.13"]
[Round "8"]
[White "Chilingirova,P"]
[Black "Dervishi,E"]
[Result "0-1"]
[WhiteElo "2269"]
[BlackElo "2478"]

1.d4 Nf6 2.c4 e6 3.Nf3 d5 4.g3 Be7 5.Bg2 O-O 6.O-O b6 7.Nc3 Bb7 8.cxd5 exd5
9.Ne5 Na6 10.Qa4 Qd6 11.Rd1 Rfd8 12.a3 c5 13.Nd3 Ne4 14.dxc5 Naxc5 15.Nxc5 Nxc5
16.Qg4 Qe6 17.Qxe6 fxe6 18.Bf4 Nb3 19.Rab1 Ba6 20.Nxd5 exd5 21.Bxd5+ Rxd5
22.Rxd5 Bxe2 23.Re1 Bc4 24.Rd7 Bf6 25.Rc7 b5 26.Rb1 a6 27.Be3 Rd8 28.Ra7 Nd2
29.Bxd2 Rxd2 30.Ra8+ Kf7 31.b3 Bd5 32.Ra7+ Kg8 33.Rd7 h5 34.Rd6 Be7 35.Rxa6 Bc5
36.Rc1 Bxf2+ 37.Kf1 Bxb3 38.Ra8+ Kh7 39.Rac8  0-1

[Event "ECh-u20 Girls"]
[Site "Aviles ESP"]
[Date "2000.08.21"]
[Round "6"]
[White "Matnadze,A"]
[Black "Khukhashvili,S"]
[Result "1/2-1/2"]
[WhiteElo "2282"]
[BlackElo "2272"]

1.d4 d5 2.Nf3 Nf6 3.g3 e6 4.Bg2 Be7 5.c4 O-O 6.Nc3 dxc4 7.Ne5 Nc6 8.Bxc6 bxc6
9.Nxc6 Qe8 10.Nxe7+ Qxe7 11.Qa4 a5 12.Qxc4 Ba6 13.Qc5 Qd7 14.e4 a4 15.Bg5 Rfb8
16.Bxf6 gxf6 17.O-O-O Rb6 18.d5 e5 19.Rd2 Rab8 20.Rhd1 Rb4 21.Qc6 Qxc6 22.dxc6 Kg7
23.Rc2 Rc4 24.Nd5 Rxc2+ 25.Kxc2 Be2 26.Rd2 Bf3 27.Nc3 f5 28.Rd7 Rc8 29.Kd3 fxe4+
30.Ke3 Bg4 31.Rd5 f6 32.Nxa4 Be6 33.Rd2 Bxa2 34.Rd7+ Kg6 35.Nc3 Be6 36.Re7 Bc4
37.Kxe4 Rb8 38.f4 exf4 39.gxf4 Rxb2 40.Rxc7 Be6 41.h4 Rb4+ 42.Ke3 Rb3 43.Kd4 Rb4+
44.Ke3 Rc4 45.Ne2 Bf5 46.Nd4 Rc3+ 47.Kf2 h5 48.Nb5 Rc5 49.Nd6 Be6 50.Re7 Bg4
51.Rc7 Rc3  1/2-1/2

[Event "Antwerp Chess Event"]
[Site "Deurne BEL"]
[Date "2000.08.21"]
[Round "3"]
[White "Van de Velde,K"]
[Black "Dutreeuw,M"]
[Result "0-1"]
[WhiteElo "2178"]
[BlackElo "2402"]

1.c4 e6 2.Nf3 d5 3.d4 Nf6 4.g3 Be7 5.Bg2 O-O 6.O-O dxc4 7.Qc2 a6 8.a4 Bd7
9.Qxc4 Bc6 10.Bg5 a5 11.Nc3 Na6 12.Rfd1 Nb4 13.Bxf6 Bxf6 14.e4 b6 15.Ne1 Qd7
16.e5 Bxg2 17.Nxg2 Bg5 18.h4 Be7 19.d5 exd5 20.Nxd5 Nxd5 21.Rxd5 Qf5 22.Nf4 Bc5
23.Rad1 c6 24.Rxc5 bxc5 25.Qxc5 Qe4 26.e6 fxe6 27.Rd7 Rad8 28.Qe7 Rxd7 29.Qxd7 h5
30.Nxh5 Qe1+ 31.Kg2 Qxf2+ 32.Kh3 Qf1+ 33.Kg4 Qf5+  0-1

[Event "Paul Keres mem"]
[Site "Tallinn EST"]
[Date "2000.08.21"]
[Round "8"]
[White "Bogdanov,R"]
[Black "Teemae,L"]
[Result "1-0"]
[WhiteElo "2087"]
[BlackElo "2135"]

1.d4 Nf6 2.g3 e6 3.Bg2 d5 4.Nf3 Be7 5.c4 O-O 6.Nc3 dxc4 7.Qa4 a6 8.Qxc4 b5
9.Qb3 Bb7 10.e3 Nbd7 11.O-O c5 12.a3 b4 13.axb4 cxb4 14.Na4 Bd5 15.Qd3 Rc8
16.Nd2 Bxg2 17.Kxg2 Qa5 18.b3 Qb5 19.Nc4 e5 20.Bb2 e4 21.Qe2 Rc6 22.Bc1 Rfc8
23.Nab2 Bd8 24.Bd2 Nd5 25.Rfc1 Rh6 26.Qd1 Rcc6 27.Ne5 Nxe5 28.dxe5 Bc7 29.Qg4 Rhe6
30.Nc4 Nc3 31.Bxc3 bxc3 32.Rxc3 Bxe5 33.Rd1 g6 34.Rcc1 Bf6 35.Qe2 Rc5 36.Qa2 Rd5
37.Qc2 Rxd1 38.Qxd1 Rc6 39.Nd6 Rxc1 40.Qxc1  1-0

[Event "Summer Festival Open"]
[Site "Lisbon POR"]
[Date "2000.08.24"]
[Round "4"]
[White "Fernandes,An"]
[Black "Blalock,R"]
[Result "1-0"]
[WhiteElo "2438"]
[BlackElo "2184"]

1.d4 e6 2.c4 Nf6 3.g3 d5 4.Bg2 Be7 5.Nf3 O-O 6.O-O dxc4 7.Qa4 a6 8.Qxc4 b5
9.Qc2 Bb7 10.Bf4 Nd5 11.Bd2 Nd7 12.Ba5 Qc8 13.Nbd2 c5 14.Rac1 cxd4 15.Qd3 Qb8
16.Nxd4 Rc8 17.e4 N5f6 18.a3 Nc5 19.Qe3 Na4 20.b3 Nc5 21.h3 Ncd7 22.b4 Bf8
23.N4f3 h6 24.Rfd1 e5 25.Ne1 Bc6 26.Nd3 Qb7 27.Rc3 Bd6 28.Rdc1 Bb8 29.Nb3 Ba7
30.Qe2 Bd4 31.Nxd4 exd4 32.Rxc6 Rxc6 33.Rxc6 Qxc6 34.e5 Qe6 35.Bxa8  1-0

[Event "Open"]
[Site "Kiel GER"]
[Date "2000.08.26"]
[Round "8"]
[White "Kopylov,M"]
[Black "Lindberg,Bo"]
[Result "1-0"]
[WhiteElo "2431"]
[BlackElo "2159"]

1.d4 Nf6 2.c4 e6 3.g3 d5 4.Bg2 Be7 5.Nf3 O-O 6.O-O b6 7.Nc3 Bb7 8.Ne5 Na6
9.cxd5 exd5 10.Qa4 Qe8 11.Qb3 Rd8 12.Bf4 c5 13.e3 Ne4 14.Nf3 c4 15.Qd1 b5
16.a3 h6 17.g4 Nxc3 18.bxc3 Bc8 19.h3 Bd6 20.Re1 Bxf4 21.exf4 Qc6 22.Ne5 Qd6
23.Qb1 Bd7 24.Ra2 Rfe8 25.Rae2 f6 26.Nxd7 Rxe2 27.Nxf6+ Qxf6 28.Rxe2 Qxf4
29.Re7 Qd6 30.Bxd5+ Kh8 31.Qe4 Nc7 32.Bc6 a5 33.Qe5 Qxe5 34.dxe5 Nd5 35.Rb7 Nxc3
36.e6 Ne2+ 37.Kf1 Nf4 38.Bd7 Nxe6 39.Bxe6 c3 40.Bf5 c2 41.Bxc2  1-0